|
|
|
|
| LEADER |
00000nam0a2200000 4500 |
| 001 |
299855 |
| 005 |
20231102001238.0 |
| 020 |
|
|
|a RU
|b 88-37263
|
| 035 |
|
|
|a (RuTPU)RU\TPU\book\325008
|
| 035 |
|
|
|a RU\TPU\book\97394
|
| 090 |
|
|
|a 299855
|
| 100 |
|
|
|a 20150703d1980 k y0rusy5003 ca
|
| 101 |
0 |
|
|a rus
|
| 102 |
|
|
|a RU
|
| 105 |
|
|
|a a z 001zy
|
| 200 |
1 |
|
|a Получение, структура и свойства сорбентов
|e межвузовский сборник научных трудов
|f Ленинградский технологический ин-т им. Ленсовета
|
| 210 |
|
|
|a Ленинград
|c Изд-во ЛТИ
|d 1980
|
| 215 |
|
|
|a 167 с.
|c ил.
|
| 320 |
|
|
|a Библиогр. в конце ст.
|
| 606 |
1 |
|
|a Сорбенты
|x Синтез
|2 stltpush
|3 (RuTPU)RU\TPU\subj\31942
|9 54654
|
| 610 |
1 |
|
|a получение
|
| 610 |
1 |
|
|a свойства
|
| 610 |
1 |
|
|a структура
|
| 610 |
1 |
|
|a углеродные сорбенты
|
| 610 |
1 |
|
|a минеральные сорбенты
|
| 610 |
1 |
|
|a пористая структура
|
| 610 |
1 |
|
|a адсорбционные свойства
|
| 610 |
1 |
|
|a десорбция
|
| 610 |
1 |
|
|a использование
|
| 675 |
|
|
|a 661.183
|z rus
|v 4
|
| 702 |
|
1 |
|a Плаченов
|b Т. Г.
|4 340
|
| 712 |
0 |
2 |
|a Ленинградский технологический институт им. Ленсовета
|2 stltpush
|3 (RuTPU)RU\TPU\col\1462
|
| 801 |
|
0 |
|a RU
|b RuMRKP
|c 19950417
|g psbo
|
| 801 |
|
1 |
|a RU
|b 63413507
|c 20060215
|g PSBO
|
| 801 |
|
2 |
|a RU
|b 63413507
|c 20230214
|g PSBO
|
| 942 |
|
|
|c BK
|